000 00813nam a2200265Ia 4500
003 OSt
005 20220925222929.0
006 a|||||r|||| 00| 0
007 ta
008 220923b |||||||| |||| 00| 0 eng d
020 _a0709028008
_ceuro 1495
037 _b276, 11/11/1987, BD
_cGeneral Book
040 _aRTL
_cRTL
_beng
041 _2eng
_aeng
082 _aQ25, M7
100 _aFarrar Janet
_9288591
245 0 _aWitches goddess
_bThe feminine principle of divinine
260 _aLondon
_bRobert Hale
_c1987
300 _a319p.
_ccm.
500 _aBibliography P 296-300; Appendix P 290-95
650 _aHinduism
_98459
700 _a Farrar Stewart
_9288592
942 _hQ25, M7
_cGB
_2CC
999 _c578188
_d578188